Manipulácia s materiálom v obchode s potravinárskym tovarom celoštátna konferencia

Na minha lista:
Detalhes bibliográficos
Formato: Livro
Idioma:eslovaco
Publicado em: Bratislava Dom techniky ČSVTS 1981
Tags: Adicionar Tag
Sem tags, seja o primeiro a adicionar uma tag!

MARC

LEADER 00000nam a2200000 4500
001 c126725
005 20221220103557.1
041 0 |a slo 
044 |a SK 
245 1 0 |a Manipulácia s materiálom v obchode s potravinárskym tovarom  |b celoštátna konferencia 
264 1 |a Bratislava  |b Dom techniky ČSVTS  |c 1981 
300 |a 97 s.